000
00337nam a2200145Ia 4500
008
230718s9999 xx 000 0 und d
041
_a
Eng.
082
_a
345.91
_b
KHO-Y
100
_a
Khorkhar, Anwer
245
0
_a
Yearly law repair
260
_a
Pakistan
_b
Pakistan Law Digest
_c
2018
300
_a
626
650
_a
Law
999
_c
32303
_d
32303